00356nam a22001097a 4500040000900000082001200009100001700021110004000038245011000078260004400188650001400232 cNUST a200 THE aArslan Amin  aSupervisor Dr. Muhammad Usman Akram aTH-SOF-2100-Automatic Detection and Classification of Scoliosis From Spine X-Rays Using Transfer Learning aISLAMABAD:bNUST COLLEGE OF EME,c2022. aMS-CSE-19